000 00796cam a2200217 a 4500
999 _c857
_d857
001 6809
003 BD-DhUAP
005 20200128145603.0
008 200128s1989 pk b 000 0 eng
040 _aDLC
_cBD-DhUAP
_bEng
_dBD-DhUAP
082 0 0 _a954.9205 NOT
_223
245 0 0 _aNot the whole truth :
_bEast Pakistan crisis, (March-December 1971), role of the foreign press /
_cedited by Sarfaraz Hussain Mirza.
260 _aLahore :
_bCentre for South Asian Studies,
_cc1989.
300 _axxiii, 146, 402 pages ;
_c24 cm.
504 _aIncludes bibliographical references.
505 _aEnglish; some in Urdu.
651 0 _aBangladesh
_xHistory
_yRevolution, 1971
_xForeign public opinion.
651 0 _aPakistan
_xForeign public opinion.
700 1 _aMirza, Sarfaraz Hussain.
942 _2ddc
_cBK